<?xml version="1.0" encoding="UTF-8"?>
<record
    xmlns:xsi="http://www.w3.org/2001/XMLSchema-instance"
    xsi:schemaLocation="http://www.loc.gov/MARC21/slim http://www.loc.gov/standards/marcxml/schema/MARC21slim.xsd"
    xmlns="http://www.loc.gov/MARC21/slim">

  <leader>01237nam0a22003011  4500</leader>
  <controlfield tag="001">v19\rc\1883943</controlfield>
  <controlfield tag="005">20251118180334.1</controlfield>
  <datafield tag="035" ind1=" " ind2=" ">
    <subfield code="a">(NLR Aleph) 004972902</subfield>
  </datafield>
  <datafield tag="090" ind1=" " ind2=" ">
    <subfield code="a">6103555</subfield>
    <subfield code="c">6103555</subfield>
  </datafield>
  <datafield tag="100" ind1=" " ind2=" ">
    <subfield code="a">20080221d1910    u  y0rusy50      ca</subfield>
  </datafield>
  <datafield tag="101" ind1="0" ind2=" ">
    <subfield code="a">rus</subfield>
  </datafield>
  <datafield tag="102" ind1=" " ind2=" ">
    <subfield code="a">RU</subfield>
  </datafield>
  <datafield tag="105" ind1=" " ind2=" ">
    <subfield code="a">a   z   |||||</subfield>
  </datafield>
  <datafield tag="200" ind1="1" ind2=" ">
    <subfield code="a">&#x41A;&#x443;&#x440;&#x43E;&#x440;&#x442; &#x423;&#x441;&#x442;&#x44C;-&#x41D;&#x430;&#x440;&#x43E;&#x432;&#x430; (&#x413;&#x443;&#x43D;&#x433;&#x435;&#x440;&#x431;&#x443;&#x440;&#x433; &#x438; &#x428;&#x43C;&#x435;&#x446;&#x43A;&#x435;)</subfield>
    <subfield code="e">&#x41C;&#x43E;&#x440;. &#x43A;&#x443;&#x43F;&#x430;&#x43D;&#x438;&#x44F;</subfield>
    <subfield code="e">&#x421;&#x435;&#x437;&#x43E;&#x43D; &#x441; 1 &#x43C;&#x430;&#x44F; &#x43F;&#x43E; 1 &#x441;&#x435;&#x43D;&#x442;.</subfield>
    <subfield code="e">&#x41A;&#x440;&#x430;&#x442;. &#x438;&#x43B;. &#x43E;&#x43F;&#x438;&#x441;&#x430;&#x43D;&#x438;&#x435; &#x441; &#x43F;&#x440;&#x438;&#x43B;. &#x43F;&#x43B;&#x430;&#x43D;&#x430;, &#x441;&#x43F;&#x438;&#x441;&#x43A;&#x430; &#x441;&#x434;&#x430;&#x44E;&#x449;&#x438;&#x445;&#x441;&#x44F; &#x434;&#x430;&#x447;, &#x442;&#x430;&#x43A;&#x441;&#x44B; &#x434;&#x43B;&#x44F; &#x438;&#x437;&#x432;&#x43E;&#x437;&#x447;&#x438;&#x43A;&#x43E;&#x432; &#x438; &#x43F;&#x440;.</subfield>
    <subfield code="f">&#x421;&#x43E;&#x441;&#x442;. &#x41B;.&#x410;. &#x420;&#x44E;&#x43D;&#x435;</subfield>
  </datafield>
  <datafield tag="210" ind1=" " ind2=" ">
    <subfield code="a">&#x41D;&#x430;&#x440;&#x432;&#x430;</subfield>
    <subfield code="c">&#x41A;&#x43E;&#x43C;&#x438;&#x441;. &#x43F;&#x43E; &#x431;&#x43B;&#x430;&#x433;&#x43E;&#x443;&#x441;&#x442;&#x440;&#x43E;&#x439;&#x441;&#x442;&#x432;&#x443; &#x43A;&#x443;&#x440;&#x43E;&#x440;&#x442;&#x430;</subfield>
    <subfield code="d">1910</subfield>
  </datafield>
  <datafield tag="215" ind1=" " ind2=" ">
    <subfield code="a">52 &#x441;., 14 &#x43B;. &#x438;&#x43B;.</subfield>
    <subfield code="d">17</subfield>
  </datafield>
  <datafield tag="300" ind1=" " ind2=" ">
    <subfield code="a">&#x41D;&#x430; &#x43E;&#x431;&#x43B;. &#x430;&#x432;&#x442;. &#x43D;&#x435; &#x443;&#x43A;&#x430;&#x437;&#x430;&#x43D;</subfield>
  </datafield>
  <datafield tag="532" ind1="1" ind2="3">
    <subfield code="a">&#x41A;&#x443;&#x440;&#x43E;&#x440;&#x442; &#x423;&#x441;&#x442;&#x44C;-&#x41D;&#x430;&#x440;&#x43E;&#x432;&#x430; &#x413;&#x443;&#x43D;&#x433;&#x435;&#x440;&#x431;&#x443;&#x440;&#x433; &#x438; &#x428;&#x43C;&#x435;&#x446;&#x43A;&#x435;</subfield>
  </datafield>
  <datafield tag="700" ind1=" " ind2="1">
    <subfield code="a">&#x420;&#x44E;&#x43D;&#x435;</subfield>
    <subfield code="b">&#x41B;.&#x410;.</subfield>
    <subfield code="4">220</subfield>
  </datafield>
  <datafield tag="712" ind1="0" ind2="2">
    <subfield code="4">570</subfield>
    <subfield code="a">&#x423;&#x441;&#x442;&#x44C;-&#x41D;&#x430;&#x440;&#x43E;&#x432;&#x430;, &#x43A;&#x443;&#x440;&#x43E;&#x440;&#x442;</subfield>
    <subfield code="9">731701</subfield>
    <subfield code="3">RU\NLR\AUTH\880534584</subfield>
  </datafield>
  <datafield tag="801" ind1=" " ind2="0">
    <subfield code="a">RU</subfield>
    <subfield code="b">NLR</subfield>
    <subfield code="g">psbo</subfield>
  </datafield>
  <datafield tag="801" ind1=" " ind2="0">
    <subfield code="a">RU</subfield>
    <subfield code="b">RuMoRGB</subfield>
    <subfield code="2">psbo</subfield>
  </datafield>
  <datafield tag="801" ind1=" " ind2="1">
    <subfield code="a">RU</subfield>
    <subfield code="b">ProSoft-M</subfield>
    <subfield code="2">rusmarc</subfield>
  </datafield>
  <datafield tag="852" ind1=" " ind2=" ">
    <subfield code="a">NLR</subfield>
    <subfield code="j">34.82.4.1099</subfield>
  </datafield>
  <datafield tag="899" ind1=" " ind2=" ">
    <subfield code="a">&#x411;&#x410;&#x41D;</subfield>
  </datafield>
  <datafield tag="942" ind1=" " ind2=" ">
    <subfield code="c">BOOK</subfield>
  </datafield>
  <datafield tag="980" ind1=" " ind2=" ">
    <subfield code="a">NB</subfield>
  </datafield>
  <datafield tag="995" ind1=" " ind2=" ">
    <subfield code="5">2013-10-26</subfield>
    <subfield code="b">NLR02</subfield>
    <subfield code="c">NLR02</subfield>
    <subfield code="e">RFS</subfield>
    <subfield code="f">1-4035048</subfield>
    <subfield code="k">34.82.4.1099</subfield>
    <subfield code="o">0</subfield>
    <subfield code="r">BOOK</subfield>
    <subfield code="s">348241099_</subfield>
  </datafield>
  <datafield tag="995" ind1=" " ind2=" ">
    <subfield code="5">2013-10-26</subfield>
    <subfield code="b">NLR01</subfield>
    <subfield code="c">NLR01</subfield>
    <subfield code="e">TEMP</subfield>
    <subfield code="f">4972902-20</subfield>
    <subfield code="o">0</subfield>
    <subfield code="r">BOOK</subfield>
  </datafield>
</record>
